|
|
|
|
| LEADER |
01488nam a2200325 a 4500 |
| 001 |
4091071 |
| 003 |
BD-DhAAL |
| 005 |
20240109165419.0 |
| 008 |
091222r19781973enka b 001 0 eng d |
| 010 |
|
|
|a 73163743
|
| 020 |
|
|
|a 0140807233
|
| 040 |
|
|
|a DLC
|c DLC
|d DLC
|d BD-DhAAL
|
| 082 |
0 |
0 |
|a 330.9/172/4
|
| 245 |
1 |
0 |
|a Underdevelopment and development :
|b the Third World today : selected readings /
|c edited by Henry Bernstein.
|
| 260 |
|
|
|a Harmondsworth,
|b Penguin,
|c 1973.[reprinted 1978]
|
| 300 |
|
|
|a 384 pages :
|b illustrations ;
|c 20 cm.
|
| 490 |
0 |
|
|a Penguin interdisciplinary readings
|
| 490 |
0 |
|
|a Penguin education
|
| 504 |
|
|
|a Includes bibliographical references (p. 369-380).
|
| 541 |
1 |
|
|a Complimentary copy from Professor Dr. Nasreen Khundker
|e 00001048, 42039
|
| 650 |
|
0 |
|a Economic development.
|
| 650 |
|
0 |
|a Economics.
|
| 651 |
|
0 |
|a Developing countries
|x Economic conditions.
|
| 651 |
|
0 |
|a Developing countries
|x Social conditions.
|
| 700 |
|
|
|a Bernstein, Henry,
|9 55902
|
| 852 |
4 |
|
|a Ayesha Abed Library
|j General Shelf.
|
| 942 |
|
|
|2 ddc
|c BK
|
| 999 |
|
|
|c 6344
|d 6344
|
| 952 |
|
|
|0 0
|1 0
|2 ddc
|4 0
|6 330_917240000000000_BER_1978
|7 0
|9 6394
|a BRACUL
|b BRACUL
|c GEN
|d 2009-12-23
|g 224.00
|l 0
|o 330.91724 BER
|p 3010001048
|r 2009-12-23
|t 1
|v 448.00
|w 2009-12-23
|y BK
|
| 952 |
|
|
|0 0
|1 0
|2 ddc
|4 0
|6 330_917240000000000_UND
|7 0
|9 74921
|a BRACUL
|b BRACUL
|c GEN
|d 2024-01-09
|e Complimentary copy from Professor Dr. Nasreen Khundker
|g 149.00
|l 0
|o 330.91724 UND
|p 3010042039
|r 2024-01-09
|t 2
|w 2024-01-09
|y BK
|x €1.25
|